प्रभावी आणि यशस्वी व्यक्तिमत्त्व घडविण्याची दहा सूत्रे (Record no. 436584)

MARC details
000 -LEADER
fixed length control field 00805nam a2200145Ia 4500
008 - FIXED-LENGTH DATA ELEMENTS--GENERAL INFORMATION
fixed length control field 100122s9999 xx 000 0 und d
082 ## - DEWEY DECIMAL CLASSIFICATION NUMBER
Item number 62189
Classification number 137
100 ## - MAIN ENTRY--PERSONAL NAME
Personal name शिरवाडकर विश्राम
245 ## - TITLE STATEMENT
Title प्रभावी आणि यशस्वी व्यक्तिमत्त्व घडविण्याची दहा सूत्रे
260 ## - PUBLICATION, DISTRIBUTION, ETC. (IMPRINT)
Name of publisher, distributor, etc पृथ्वी प्रकाशन
Date of publication, distribution, etc 2001
300 ## - PHYSICAL DESCRIPTION
Extent 176
630 ## - SUBJECT ADDED ENTRY--UNIFORM TITLE
Uniform title प्रभावी आणि यशस्वी व्यक्तिमत्त्व घडविण्याची दहा सूत्रे
730 ## - ADDED ENTRY--UNIFORM TITLE
Uniform title प्रभावी आणि यशस्वी व्यक्तिमत्त्व घडविण्याची दहा सूत्रे
942 ## - ADDED ENTRY ELEMENTS (KOHA)
Koha item type Book
Holdings
Withdrawn status Lost status Damaged status Not for loan Home library Current library Date acquired Cost, normal purchase price Total Checkouts Full call number Barcode Date last seen Cost, replacement price Price effective from Koha item type Public note
        S.V. Pathak Library, Vile Parle S.V. Pathak Library, Vile Parle 11/15/2002 150.00   62189 SVPPARLE-62189 01/25/2010 150.00 01/25/2010 Book General NA